000 00406nam a2200145Ia 4500
008 220217s9999||||xx |||||||||||||| ||und||
020 _a81-7867-039-9
082 _a005.746 SAY
100 _aSayood, Khalid
_91842
245 0 _aIntroduction to data compresion
250 _a2nd
260 _aHarcourt india private limited
_bNew Delhi
_c2000
300 _b295
650 _aDATA COMMUNICATION
_91124
999 _c167687
_d167687